Quiz Cultura Generale - Quiz n°105 - Statistics

Statistiche generali
  • Questo quiz è stato fatto 146 volte
  • Il punteggio medio è 7 su 15
Statistiche sulle risposte
Domanda Risposta % Corretto
Ogni quanti anni si tengono le elezioni presidenziali negli Stati Uniti? 4
89%
Quale antico condottiero era soprannominato "Flagello di Dio"? Attila
81%
A quale calciatore è dedicato lo stadio di San Siro? Giuseppe Meazza
75%
In quale circuito di Formula 1 si trova la curva del Tamburello? Autodromo Enzo e Dino Ferrari - Imola
72%
Quale città italiana ospita il Salone internazionale del libro? Torino
63%
In quale chiesa si può ammirare la "Pietà" di Michelangelo? Basilica di San Pietro in Vaticano
61%
Chi ha inventato la pila elettrica? Alessandro Volta
56%
Qual è il titolo del primo film della trilogia de "Il Signore degli anelli"? La Compagnia dell'anello
56%
In quale nazione è ambientata la tragedia "Macbeth" di William Shakespeare? Scozia
42%
Qual è l'isola più popolata in Europa? Gran Bretagna
29%
In quale provincia italiana si trovano le Cascate delle Marmore? Terni
29%
Chi è stato Presidente della Repubblica Italiana dal 1971 al 1978? Giovanni Leone
28%
Com'è chiamato l'esodo di Maometto da La Mecca a Medina? Egira
23%
Chi era Primo Ministro del Regno Unito durante il referendum sulla Brexit? David Cameron
17%
Qual è il soprannome di Artù nel film Disney "La spada nella roccia"? Semola
17%
Nessun quiz corrispondente trovato
Distribuzione punteggi
Percentuale di utenti per punteggio
Percentile per numero di risposta
I tuoi punteggi nel tempo
Non hai fatto questo quiz